[Event "Hastings Masters op"]
[Site "Hastings"]
[Date "2024.01.04"]
[Round "8"]
[White "Gormally, Daniel"]
[Black "Beaumont, Chris"]
[Result "1-0"]
[WhiteElo "2442"]
[BlackElo "2236"]
[PlyCount "51"]
[EventDate "2023.12.28"]
[EventType "swiss"]
[EventRounds "9"]
[EventCountry "ENG"]
[SourceTitle "CB02_2024"]
[SourceDate "2024.01.10"]
[SourceVersion "1"]
[SourceVersionDate "2024.01.10"]
[SourceQuality "1"]

1. e4 d6 2. d4 Nf6 3. Nc3 g6 4. Be3 a6 5. a4 Bg7 6. Qd2 Nc6 7. d5 Ne5 8. h3 c6 9. a5 Ned7 10. g4 cxd5 11. exd5 b6 12. Nge2 Bb7 13. Bg2 e5 14. g5 Nh5 15. Ne4 Nc5 16. axb6 Nxe4 17. Bxe4 0-0 18. Ng3 Nf4 19. h4 Qd7 20. c4 a5 21. Rxa5 Rxa5 22. Qxa5 Ra8 23. Qc3 Qg4 24. Kd2 f5 25. gxf6 Bxf6 26. Bc2 1-0

[Event "Hastings Masters op"]
[Site "Hastings"]
[Date "2024.01.01"]
[Round "5"]
[White "Beaumont, Chris"]
[Black "Ahn, Sungmin"]
[Result "1-0"]
[WhiteElo "2236"]
[BlackElo "1836"]
[PlyCount "147"]
[EventDate "2023.12.28"]
[EventType "swiss"]
[EventRounds "9"]
[EventCountry "ENG"]
[SourceTitle "CB02_2024"]
[SourceDate "2024.01.10"]
[SourceVersion "1"]
[SourceVersionDate "2024.01.10"]
[SourceQuality "1"]

1. Nf3 c5 2. c4 Nc6 3. g3 g6 4. Bg2 Bg7 5. Nc3 e5 6. 0-0 Nge7 7. a3 d6 8. Rb1 a5 9. d3 0-0 10. Bg5 f6 11. Be3 Be6 12. Ne1 b6 13. Nc2 d5 14. cxd5 Nxd5 15. Nxd5 Bxd5 16. Bxd5+ Qxd5 17. b4 axb4 18. axb4 Rfb8 19. bxc5 bxc5 20. Rxb8+ Nxb8 21. Bd2 e4 22. Ne3 Qe6 23. dxe4 Qxe4 24. Qb3+ Kh8 25. Bc3 Nc6 26. Qd5 Qxd5 27. Nxd5 Nd4 28. Bxd4 cxd4 29. Rb1 Rd8 30. Nf4 Re8 31. Kf1 f5 32. Rb7 Be5 33. Nd3 Rb8 34. Rf7 Bd6 35. h4 Rd8 36. Kg2 Kg8 37. Ra7 Bf8 38. Kf3 Rd5 39. Nf4 Rd6 40. Kg2 Bh6 41. Nd3 Bg7 42. Kf1 Kf8 43. Ke1 Re6 44. Rd7 Re7 45. Rd5 Ra7 46. f4 Ke7 47. Kf2 Bf6 48. Ne1 Ke6 49. Rb5 Bg7 50. Rb6+ Kd5 51. Kf3 Re7 52. Nd3 Re3+ 53. Kf2 Re7 54. Rb5+ Kc6 55. Ra5 Kd6 56. h5 Re6 57. Ra7 Re7 58. Ra6+ Kd5 59. hxg6 h6 60. Ra5+ Kd6 61. Rxf5 Re6 62. Ra5 Ke7 63. f5 Rf6 64. Ra7+ Kf8 65. g4 h5 66. Kg3 hxg4 67. Kxg4 Bh6 68. Nf4 Bxf4 69. Kxf4 Rc6 70. Rd7 Rc2 71. f6 Rxe2 72. Rd8+ Re8 73. g7+ Kf7 74. Rxe8 1-0

[Event "BCF-chT2c 1314 (4NCL)"]
[Site "England"]
[Date "2014.05.03"]
[Round "9.42"]
[White "Beaumont, Chris"]
[Black "Reid, John"]
[Result "1/2-1/2"]
[WhiteElo "2294"]
[BlackElo "2158"]
[PlyCount "129"]
[EventDate "2013.11.16"]
[EventType "team-tourn"]
[EventRounds "11"]
[EventCountry "ENG"]
[SourceTitle "EXT 2015"]
[Source "ChessBase"]
[SourceDate "2014.11.20"]
[SourceVersion "1"]
[SourceVersionDate "2014.11.20"]
[SourceQuality "1"]
[WhiteTeam "Bristol"]
[BlackTeam "Hackney"]
[WhiteTeamCountry "ENG"]
[BlackTeamCountry "ENG"]

1. Nf3 Nf6 2. c4 g6 3. Nc3 Bg7 4. e4 0-0 5. d4 d6 6. Be2 e5 7. Be3 exd4 8. Nxd4 Re8 9. f3 c6 10. Bf2 d5 11. exd5 cxd5 12. c5 Nc6 13. 0-0 Nh5 14. Qd2 Be5 15. g3 Ng7 16. f4 Bxd4 17. Bxd4 Nxd4 18. Qxd4 Nf5 19. Qf2 Ne3 20. Rfc1 d4 21. Nd1 Ng4 22. Bxg4 Bxg4 23. Rc4 Re4 24. Nc3 Re3 25. Nb5 Qe7 26. Nxd4 Rd8 27. f5 Qe5 28. fxg6 hxg6 29. Rf1 f5 30. Qf4 Qxf4 31. Rxf4 g5 32. Rf1 Re4 33. h3 Bxh3 34. Rd1 Bg4 35. Rd2 Kf7 36. Rb4 Kf6 37. a3 Rd5 38. Nb3 Re1+ 39. Kf2 Rxd2+ 40. Kxe1 Re2+ 41. Kf1 Rxb2 42. Rxb7 Bf3 43. Rb4 Be4 44. Nd4 Rxb4 45. axb4 Ke5 46. Nb3 Bd5 47. Na5 a6 48. Kf2 Ke4 49. c6 Be6 50. Nb7 Kd5 51. Nd8 Bc8 52. Ke3 g4 53. Kd3 Kd6 54. Kd4 Kc7 55. Nf7 Kxc6 56. Ne5+ Kb5 57. Kc3 Be6 58. Nd3 Bc4 59. Nf4 Bf1 60. Ne6 Kc6 61. Nd4+ Kd5 62. Nxf5 Ke4 63. Nh6 Kf3 64. Nxg4 Kxg4 65. Kb2 1/2-1/2

[Event "BCF-chT2c 1314 (4NCL)"]
[Site "England"]
[Date "2014.03.23"]
[Round "8.41"]
[White "Beaumont, Chris"]
[Black "Richardson, John R"]
[Result "1-0"]
[WhiteElo "2294"]
[BlackElo "2335"]
[PlyCount "81"]
[EventDate "2013.11.16"]
[EventType "team-tourn"]
[EventRounds "11"]
[EventCountry "ENG"]
[SourceTitle "EXT 2015"]
[Source "ChessBase"]
[SourceDate "2014.11.20"]
[SourceVersion "1"]
[SourceVersionDate "2014.11.20"]
[SourceQuality "1"]
[WhiteTeam "Bristol"]
[BlackTeam "The ADS"]
[WhiteTeamCountry "ENG"]
[BlackTeamCountry "ENG"]

1. Nf3 Nf6 2. c4 e6 3. g3 d5 4. Bg2 Be7 5. 0-0 0-0 6. d4 dxc4 7. Qc2 a6 8. a4 b6 9. Ne5 Ra7 10. Rd1 Bb7 11. e4 Nbd7 12. Nxc4 Qa8 13. Nc3 Ne8 14. Be3 Nd6 15. Nxd6 Bxd6 16. a5 Qb8 17. d5 exd5 18. Nxd5 Bxd5 19. Rxd5 Rb7 20. e5 Nxe5 21. Rxe5 Bxe5 22. Qe4 c6 23. axb6 Rc8 24. Rxa6 Qd6 25. b4 Rbb8 26. Bf3 h6 27. Ra7 Qf6 28. Kg2 Kh8 29. Qc4 Kg8 30. Bh5 g6 31. Bg4 Rd8 32. Rxf7 Qxf7 33. Be6 Rf8 34. Bxh6 Bg7 35. Be3 Rbc8 36. Bc5 Rce8 37. Bxf7+ Rxf7 38. Bd6 Bf8 39. Bc7 Kg7 40. Qxc6 Re2 41. Bf4 1-0

[Event "BCF-chT2b 1213 (4NCL)"]
[Site "England"]
[Date "2013.03.23"]
[Round "7.63"]
[White "Beaumont, Chris"]
[Black "Jones, William EG"]
[Result "1/2-1/2"]
[WhiteElo "2273"]
[BlackElo "2111"]
[PlyCount "67"]
[EventDate "2012.11.03"]
[EventType "team-tourn"]
[EventRounds "7"]
[EventCountry "ENG"]
[SourceTitle "EXT 2014"]
[Source "ChessBase"]
[SourceDate "2013.11.20"]
[SourceVersion "1"]
[SourceVersionDate "2013.11.20"]
[SourceQuality "1"]
[WhiteTeam "Bristol"]
[BlackTeam "KJCA Kings"]
[WhiteTeamCountry "ENG"]
[BlackTeamCountry "ENG"]

1. Nf3 Nf6 2. c4 g6 3. Nc3 Bg7 4. e4 d6 5. d4 0-0 6. Be2 e5 7. Be3 Nbd7 8. 0-0 Re8 9. d5 Nh5 10. g3 Bf8 11. Ne1 Ng7 12. Nd3 f5 13. f3 Be7 14. Qd2 g5 15. g4 fxg4 16. fxg4 Nf8 17. c5 Ng6 18. cxd6 cxd6 19. Rac1 Bd7 20. a4 a6 21. a5 Qxa5 22. Bxg5 Bxg5 23. Qxg5 Qb6+ 24. Kh1 Rf8 25. Rf5 Qd8 26. Rxf8+ Kxf8 27. Rf1+ Kg8 28. Rf6 Ne8 29. Rxg6+ hxg6 30. Qxg6+ Kh8 31. Qh6+ Kg8 32. Qg6+ Kh8 33. Qh6+ Kg8 34. Qg6+ 1/2-1/2

[Event "BCF-chTd 1112 (4NCL)"]
[Site "England"]
[Date "2012.05.07"]
[Round "11.171"]
[White "Beaumont, Chris"]
[Black "Zakarian, David"]
[Result "1/2-1/2"]
[WhiteElo "2279"]
[BlackElo "2379"]
[PlyCount "122"]
[EventDate "2011.11.12"]
[EventType "team-swiss"]
[EventRounds "11"]
[EventCountry "ENG"]
[SourceTitle "EXT 2013"]
[Source "ChessBase"]
[SourceDate "2012.11.22"]
[SourceVersion "1"]
[SourceVersionDate "2012.11.22"]
[SourceQuality "1"]
[WhiteTeam "Bristol"]
[BlackTeam "Oxford"]
[WhiteTeamCountry "ENG"]
[BlackTeamCountry "ENG"]

1. c4 e6 2. Nf3 Nf6 3. g3 d5 4. Bg2 Be7 5. 0-0 0-0 6. b3 c5 7. Bb2 Nc6 8. e3 b6 9. Nc3 Ba6 10. d3 Rc8 11. e4 dxe4 12. dxe4 Qc7 13. Nb5 Qb8 14. e5 Rfd8 15. Qe2 Ne8 16. Rfd1 Bb7 17. Rxd8 Rxd8 18. Rd1 a6 19. Rxd8 Bxd8 20. Na3 Nb4 21. Bc3 g6 22. Qd2 Qc7 23. Nb1 Be7 24. a3 Nc6 25. Qd3 Bf8 26. Nbd2 Bg7 27. Qe3 h6 28. h4 Nb8 29. Kh2 Nd7 30. Qf4 f5 31. Qe3 Kh7 32. Qf4 a5 33. a4 Bc6 34. Qe3 Qb7 35. Ne1 Nc7 36. f4 Na6 37. Bxc6 Qxc6 38. Qf3 Nab8 39. Qxc6 Nxc6 40. Nc2 Bf8 41. Nb1 g5 42. hxg5 hxg5 43. Kg2 Bh6 44. Kf3 gxf4 45. gxf4 Nf8 46. Bd2 Kg8 47. Be3 Kf7 48. Nc3 Ke7 49. Ne2 Ng6 50. Bf2 Kd7 51. Bg3 Nb8 52. Nc3 Na6 53. Ne2 Ne7 54. Bh4 Nc6 55. Be1 Nc7 56. Bc3 Ne8 57. Be1 Ng7 58. Bc3 Nh5 59. Ne1 Ne7 60. Ng2 Ng6 61. Be1 Bf8 1/2-1/2

[Event "BCF-chTd 1112 (4NCL)"]
[Site "England"]
[Date "2012.04.01"]
[Round "8.44"]
[White "Beaumont, Chris"]
[Black "Houska, Jovanka"]
[Result "1/2-1/2"]
[WhiteElo "2279"]
[BlackElo "2396"]
[PlyCount "62"]
[EventDate "2011.11.12"]
[EventType "team-swiss"]
[EventRounds "11"]
[EventCountry "ENG"]
[SourceTitle "EXT 2013"]
[Source "ChessBase"]
[SourceDate "2012.11.22"]
[SourceVersion "1"]
[SourceVersionDate "2012.11.22"]
[SourceQuality "1"]
[WhiteTeam "Bristol"]
[BlackTeam "Wood Green Hilsmark II"]
[WhiteTeamCountry "ENG"]
[BlackTeamCountry "ENG"]

1. c4 e6 2. g3 Nf6 3. Bg2 d5 4. Nf3 Be7 5. 0-0 0-0 6. d4 dxc4 7. Qc2 a6 8. Qxc4 b5 9. Qc2 Bb7 10. Bf4 Nd5 11. Nc3 Nxf4 12. gxf4 Nd7 13. Rfd1 Nf6 14. Ne5 Bxg2 15. Kxg2 Qc8 16. Ne4 Nd5 17. e3 Nb4 18. Qe2 f6 19. Nd3 Nxd3 20. Qxd3 f5 21. Ng3 Qb7+ 22. Kg1 Qd5 23. Qb3 Qxb3 24. axb3 a5 25. Rdc1 Bd6 26. Ne2 h6 27. h4 Kf7 28. Rc2 Rg8 29. Nc3 Rgb8 30. Nb1 Rg8 31. Nc3 Rgb8 1/2-1/2

[Event "BCF-chTa 1112 (4NCL)"]
[Site "England"]
[Date "2012.03.31"]
[Round "7.12"]
[White "Pert, Nicholas"]
[Black "Beaumont, Chris"]
[Result "1-0"]
[WhiteElo "2546"]
[BlackElo "2279"]
[PlyCount "63"]
[EventDate "2011.11.12"]
[EventType "team-tourn"]
[EventRounds "7"]
[EventCountry "ENG"]
[SourceTitle "EXT 2013"]
[Source "ChessBase"]
[SourceDate "2012.11.22"]
[SourceVersion "1"]
[SourceVersionDate "2012.11.22"]
[SourceQuality "1"]
[WhiteTeam "Wood Green Hilsmark"]
[BlackTeam "Bristol"]
[WhiteTeamCountry "ENG"]
[BlackTeamCountry "ENG"]

1. d4 Nf6 2. Nf3 g6 3. c4 Bg7 4. g3 d5 5. cxd5 Nxd5 6. Bg2 Nb6 7. Nc3 Nc6 8. e3 0-0 9. 0-0 Re8 10. d5 Na5 11. Nd4 Bd7 12. Rb1 Rc8 13. b4 c5 14. Ne6 fxe6 15. bxa5 Bxc3 16. axb6 axb6 17. Qc2 Bf6 18. dxe6 Bc6 19. Rd1 Qc7 20. e4 Ra8 21. Qe2 Red8 22. Bf4 Be5 23. Bh6 Rxd1+ 24. Rxd1 Rd8 25. h4 Ba4 26. Rd5 Bc6 27. h5 Bxd5 28. exd5 c4 29. hxg6 c3 30. Be4 Rc8 31. Qh5 c2 32. Kg2 1-0

[Event "BCF-chTa 1112 (4NCL)"]
[Site "England"]
[Date "2012.02.12"]
[Round "6.44"]
[White "Spence, David"]
[Black "Beaumont, Chris"]
[Result "1/2-1/2"]
[WhiteElo "2213"]
[BlackElo "2279"]
[PlyCount "78"]
[EventDate "2011.11.12"]
[EventType "team-tourn"]
[EventRounds "7"]
[EventCountry "ENG"]
[SourceTitle "EXT 2013"]
[Source "ChessBase"]
[SourceDate "2012.11.22"]
[SourceVersion "1"]
[SourceVersionDate "2012.11.22"]
[SourceQuality "1"]
[WhiteTeam "Anglian Avengers"]
[BlackTeam "Bristol"]
[WhiteTeamCountry "ENG"]
[BlackTeamCountry "ENG"]

1. e4 g6 2. d4 Bg7 3. Nc3 c5 4. d5 d6 5. Nf3 Nf6 6. Be2 0-0 7. 0-0 e6 8. h3 exd5 9. exd5 Na6 10. Bf4 Nc7 11. Bc4 Re8 12. Qd2 b6 13. Rfe1 Rxe1+ 14. Rxe1 Bb7 15. a4 a6 16. Bg5 Qd7 17. Qf4 Nfxd5 18. Nxd5 Nxd5 19. Bxd5 Bxd5 20. Rd1 Qc6 21. c4 Bxf3 22. Rxd6 Qxa4 23. Qxf3 Re8 24. Rxb6 Qxc4 25. Bf6 Bxf6 26. Qxf6 a5 27. b3 Qd4 28. Qxd4 Re1+ 29. Kh2 cxd4 30. Rb5 Ra1 31. Kg3 d3 32. Rd5 Ra3 33. Kf3 Kg7 34. Ke3 Rxb3 35. Rxa5 Rb2 36. Rd5 Re2+ 37. Kf3 Rd2 38. Ke3 Re2+ 39. Kf3 Rd2 1/2-1/2

[Event "BCF-chTa 1112 (4NCL)"]
[Site "England"]
[Date "2012.02.11"]
[Round "5.32"]
[White "Beaumont, Chris"]
[Black "Smerdon, David"]
[Result "0-1"]
[WhiteElo "2279"]
[BlackElo "2512"]
[PlyCount "104"]
[EventDate "2011.11.12"]
[EventType "team-tourn"]
[EventRounds "7"]
[EventCountry "ENG"]
[SourceTitle "EXT 2013"]
[Source "ChessBase"]
[SourceDate "2012.11.22"]
[SourceVersion "1"]
[SourceVersionDate "2012.11.22"]
[SourceQuality "1"]
[WhiteTeam "Bristol"]
[BlackTeam "Guildford"]
[WhiteTeamCountry "ENG"]
[BlackTeamCountry "ENG"]

1. c4 e6 2. g3 f5 3. Bg2 Nf6 4. Nf3 d5 5. 0-0 c6 6. d3 dxc4 7. dxc4 Qxd1 8. Rxd1 Bc5 9. Nc3 Nbd7 10. Bh3 h6 11. b3 g5 12. Nd4 Nf8 13. Bg2 Kf7 14. Bb2 Ng6 15. Na4 Be7 16. Nf3 Re8 17. Rd3 g4 18. Ne5+ Nxe5 19. Bxe5 Nd7 20. Bf4 h5 21. Rad1 e5 22. Bc1 e4 23. Rxd7 Bxd7 24. Rxd7 Rad8 25. Rxd8 Rxd8 26. Be3 b5 27. cxb5 cxb5 28. Nc3 a6 29. Bb6 Rd2 30. Ba5 Bf6 31. a4 Rc2 32. Nd5 bxa4 33. bxa4 Rc5 34. Nxf6 Rxa5 35. Nxh5 Rxa4 36. h3 a5 37. hxg4 Rc4 38. e3 a4 39. Bf1 Rc1 40. Nf4 a3 41. Ne2 Rxf1+ 42. Kxf1 a2 43. gxf5 a1Q+ 44. Kg2 Kf6 45. Nd4 Qd1 46. Ne6 Kxf5 47. Nf4 Ke5 48. Ng6+ Kd5 49. Nf4+ Kc4 50. Ne6 Kd3 51. Nf4+ Kd2 52. Nh3 Qf3+ 0-1

[Event "BCF-chTa 1112 (4NCL)"]
[Site "England"]
[Date "2011.11.12"]
[Round "1.3"]
[White "Beaumont, Chris"]
[Black "Ansell, Simon"]
[Result "1/2-1/2"]
[WhiteElo "2279"]
[BlackElo "2373"]
[PlyCount "79"]
[EventDate "2011.11.12"]
[EventType "team-tourn"]
[EventRounds "7"]
[EventCountry "ENG"]
[SourceTitle "EXT 2013"]
[Source "ChessBase"]
[SourceDate "2012.11.22"]
[SourceVersion "1"]
[SourceVersionDate "2012.11.22"]
[SourceQuality "1"]
[WhiteTeam "Bristol"]
[BlackTeam "Blackthorne Russia"]
[WhiteTeamCountry "ENG"]
[BlackTeamCountry "ENG"]

1. c4 e5 2. g3 d6 3. Bg2 f5 4. Nc3 Nf6 5. d3 Be7 6. e4 fxe4 7. dxe4 0-0 8. Nge2 Be6 9. b3 a5 10. 0-0 Na6 11. h3 Nc5 12. Be3 a4 13. Rb1 axb3 14. axb3 Qc8 15. Kh2 Qe8 16. Nd5 Bd8 17. Nec3 Bd7 18. Nxf6+ Rxf6 19. Bxc5 dxc5 20. Qd5+ Rf7 21. Qxc5 Qf8 22. Qxf8+ Kxf8 23. h4 c6 24. Bh3 Bxh3 25. Kxh3 Bb6 26. f4 Ke7 27. f5 Rff8 28. Kg4 Ra3 29. Rfd1 Rfa8 30. Kf3 Bd4 31. Ne2 Bc5 32. Rd3 Ra1 33. Rbd1 Rxd1 34. Rxd1 Ra2 35. g4 Rb2 36. Rd3 Rb1 37. Ng3 Rb2 38. Ne2 Rb1 39. Ng3 Rb2 40. Ne2 1/2-1/2

[Event "Sunningdale e2e4 Autumn op"]
[Site "Sunningdale"]
[Date "2011.09.16"]
[Round "1"]
[White "Beaumont, Chris"]
[Black "Varnam, Liam"]
[Result "1-0"]
[WhiteElo "2278"]
[BlackElo "2050"]
[PlyCount "67"]
[EventDate "2011.09.16"]
[EventType "swiss"]
[EventRounds "5"]
[EventCountry "ENG"]
[SourceTitle "CBM 144 Extra"]
[Source "ChessBase"]
[SourceDate "2011.10.28"]
[SourceVersion "1"]
[SourceVersionDate "2011.10.28"]
[SourceQuality "1"]

1. c4 e5 2. g3 Nf6 3. Bg2 Be7 4. Nc3 0-0 5. Nf3 d6 6. d4 exd4 7. Nxd4 a5 8. 0-0 Na6 9. b3 Nc5 10. Bb2 Re8 11. Qc2 Bf8 12. Rfd1 g6 13. a3 Rb8 14. b4 Ne6 15. Nf3 Bg7 16. c5 d5 17. e4 c6 18. exd5 cxd5 19. Nb5 Re7 20. Be5 Ra8 21. Qb2 Ne8 22. Bxg7 N6xg7 23. Rac1 axb4 24. axb4 Nf5 25. Nfd4 Nxd4 26. Rxd4 Be6 27. Rcd1 Rd7 28. Qd2 Nc7 29. Nd6 Rxd6 30. cxd6 Qxd6 31. Qh6 f6 32. h4 Bf7 33. h5 g5 34. Be4 1-0

[Event "GBR-ch 98th"]
[Site "Sheffield"]
[Date "2011.08.04"]
[Round "10"]
[White "Beaumont, Chris"]
[Black "Rabbitte, Liam F"]
[Result "1/2-1/2"]
[WhiteElo "2313"]
[BlackElo "2034"]
[PlyCount "122"]
[EventDate "2011.07.24"]
[EventType "swiss"]
[EventRounds "11"]
[EventCountry "ENG"]
[SourceTitle "CBM 143 Extra"]
[Source "ChessBase"]
[SourceDate "2011.08.29"]
[SourceVersion "1"]
[SourceVersionDate "2011.08.29"]
[SourceQuality "1"]

1. Nf3 Nc6 2. d4 e6 3. g3 Nf6 4. Bg2 g6 5. 0-0 Bg7 6. c4 d6 7. Nc3 0-0 8. e4 e5 9. d5 Ne7 10. Ne1 Ne8 11. Nd3 c6 12. f4 cxd5 13. cxd5 b6 14. Be3 f5 15. fxe5 dxe5 16. Nb4 Bb7 17. Qb3 Kh8 18. Rad1 Nd6 19. a4 fxe4 20. Rxf8+ Bxf8 21. Nc6 Qe8 22. Nxe7 Bxe7 23. Nxe4 Nxe4 24. Bxe4 Bd6 25. a5 b5 26. Rc1 a6 27. Bg5 Rc8 28. Bf6+ Kg8 29. Rc6 Qf8 30. Rxc8 Bxc8 31. Bg5 Bh3 32. Bg2 Bc5+ 33. Be3 Bxe3+ 34. Qxe3 Bxg2 35. Kxg2 Qf5 36. d6 Qc2+ 37. Kh3 Qc8+ 38. g4 h5 39. Qe4 Qxg4+ 40. Qxg4 hxg4+ 41. Kxg4 Kf7 42. h4 Ke6 43. Kg5 Kxd6 44. Kxg6 e4 45. h5 e3 46. h6 e2 47. h7 e1Q 48. h8Q Qe6+ 49. Qf6 b4 50. Kg5 Qxf6+ 51. Kxf6 Kc5 52. Ke5 Kb5 53. Kd4 Kxa5 54. b3 Kb5 55. Kd3 Kc5 56. Ke4 a5 57. Kd3 Kb5 58. Kc2 Kc6 59. Kd2 Kc5 60. Kd3 Kb5 61. Kc2 Kc5 1/2-1/2

[Event "GBR-ch 98th"]
[Site "Sheffield"]
[Date "2011.08.03"]
[Round "9"]
[White "Longson, Sarah N"]
[Black "Beaumont, Chris"]
[Result "1/2-1/2"]
[WhiteElo "2065"]
[BlackElo "2313"]
[PlyCount "68"]
[EventDate "2011.07.24"]
[EventType "swiss"]
[EventRounds "11"]
[EventCountry "ENG"]
[SourceTitle "CBM 143 Extra"]
[Source "ChessBase"]
[SourceDate "2011.08.29"]
[SourceVersion "1"]
[SourceVersionDate "2011.08.29"]
[SourceQuality "1"]

1. e4 c5 2. Nf3 g6 3. d4 cxd4 4. Nxd4 Nc6 5. Nc3 Bg7 6. Be3 Nf6 7. Bc4 Qa5 8. 0-0 0-0 9. Bb3 d6 10. h3 Bd7 11. f4 Nxd4 12. Bxd4 Bc6 13. Qd3 Rad8 14. Rad1 Nd7 15. Bxg7 Kxg7 16. Kh1 Nc5 17. Qd4+ f6 18. Nd5 e6 19. Nc3 Nxb3 20. axb3 Qc5 21. b4 Qxd4 22. Rxd4 f5 23. b5 Bxe4 24. Nxe4 fxe4 25. Rxe4 Rc8 26. c3 Rc5 27. b6 axb6 28. Rxe6 Rf6 29. Re7+ Rf7 30. Re6 Rf6 31. Re7+ Rf7 32. Re6 Rd5 33. Rf3 Rc7 34. Rfe3 Kf7 1/2-1/2

[Event "BCF-chT2 1011 (4NCL)"]
[Site "England"]
[Date "2011.01.16"]
[Round "4.83"]
[White "Jaunooby, Ali Reza"]
[Black "Beaumont, Chris"]
[Result "1/2-1/2"]
[WhiteElo "2207"]
[BlackElo "2308"]
[PlyCount "130"]
[EventDate "2010.11.06"]
[EventType "team-swiss"]
[EventRounds "11"]
[EventCountry "ENG"]
[SourceTitle "EXT 2012"]
[Source "ChessBase"]
[SourceDate "2011.11.24"]
[SourceVersion "1"]
[SourceVersionDate "2011.11.24"]
[SourceQuality "1"]
[WhiteTeam "3CS Oldham"]
[BlackTeam "Bristol"]
[WhiteTeamCountry "ENG"]
[BlackTeamCountry "ENG"]

1. d4 Nf6 2. c4 g6 3. g3 Bg7 4. Bg2 d5 5. cxd5 Nxd5 6. Nc3 Nxc3 7. bxc3 c5 8. e3 Nc6 9. Ne2 Bd7 10. Rb1 Qc7 11. Nf4 Rb8 12. Nd5 Qd8 13. Ba3 cxd4 14. exd4 0-0 15. 0-0 Be6 16. Ne3 Qa5 17. Qc1 Bd7 18. Re1 Rfe8 19. f4 b6 20. d5 Nd8 21. Bb4 Qa4 22. Nc4 Bf5 23. Rb3 Rc8 24. Ne5 a5 25. Ba3 b5 26. Nc6 Nxc6 27. dxc6 Be6 28. Rb1 Bf5 29. Rb3 Be6 30. Rxe6 fxe6 31. Qe3 Qc4 32. Bf1 Qxc6 33. Bxb5 Qd5 34. Bxe8 Rxc3 35. Rxc3 Bd4 36. Bc1 Bxe3+ 37. Bxe3 Qxa2 38. Bc6 Qa1+ 39. Rc1 Qa3 40. Kf2 Qa2+ 41. Kg1 Qa3 42. Kf2 Qa2+ 43. Ke1 Qxh2 44. Bf2 Qh3 45. Rc5 h5 46. Rg5 h4 47. Rxg6+ Kf7 48. Rg5 hxg3 49. Bxg3 Qh8 50. Re5 Qc8 51. Bf3 a4 52. Bh5+ Kf8 53. Bg4 Qc3+ 54. Kf2 Qd4+ 55. Kg2 a3 56. Bxe6 a2 57. Bxa2 Qb2+ 58. Kf3 Qxa2 59. f5 Qb3+ 60. Re3 Qd5+ 61. Kg4 Kf7 62. Kf4 Qd2 63. Bh4 Qh2+ 64. Kg4 Qg1+ 65. Rg3 Qd1+ 1/2-1/2

[Event "BCF-chT2 1011 (4NCL)"]
[Site "England"]
[Date "2010.11.07"]
[Round "2.72"]
[White "Edgell, Ben P"]
[Black "Beaumont, Chris"]
[Result "1/2-1/2"]
[WhiteElo "2109"]
[BlackElo "2308"]
[PlyCount "56"]
[EventDate "2010.11.06"]
[EventType "team-swiss"]
[EventRounds "11"]
[EventCountry "ENG"]
[SourceTitle "EXT 2012"]
[Source "ChessBase"]
[SourceDate "2011.11.24"]
[SourceVersion "1"]
[SourceVersionDate "2011.11.24"]
[SourceQuality "1"]
[WhiteTeam "Sambuca Black Sheep"]
[BlackTeam "Bristol"]
[WhiteTeamCountry "ENG"]
[BlackTeamCountry "ENG"]

1. d4 Nf6 2. Nf3 g6 3. g3 Bg7 4. Bg2 d5 5. c4 dxc4 6. Na3 c5 7. Nxc4 Nc6 8. e3 0-0 9. 0-0 cxd4 10. exd4 Be6 11. b3 Bd5 12. Bb2 Rc8 13. Rc1 b5 14. Nce5 Qb6 15. Qe2 e6 16. Nxc6 Rxc6 17. Ne5 Rxc1 18. Rxc1 Bxg2 19. Kxg2 Qb7+ 20. Qf3 Nd5 21. Nc6 Qa6 22. a3 Rc8 23. Ne5 f6 24. Nd3 Rxc1 25. Nxc1 Qc6 26. Kg1 Bh6 27. Nd3 Qc2 28. Qe4 Qd1+ 1/2-1/2

[Event "BCF-chT2 1011 (4NCL)"]
[Site "England"]
[Date "2010.11.06"]
[Round "1.62"]
[White "Beaumont, Chris"]
[Black "Spivack, Simon"]
[Result "1-0"]
[WhiteElo "2308"]
[BlackElo "2189"]
[PlyCount "67"]
[EventDate "2010.11.06"]
[EventType "team-swiss"]
[EventRounds "11"]
[EventCountry "ENG"]
[SourceTitle "EXT 2012"]
[Source "ChessBase"]
[SourceDate "2011.11.24"]
[SourceVersion "1"]
[SourceVersionDate "2011.11.24"]
[SourceQuality "1"]
[WhiteTeam "Bristol"]
[BlackTeam "Kings Head"]
[WhiteTeamCountry "ENG"]
[BlackTeamCountry "ENG"]

1. Nf3 Nf6 2. c4 d6 3. d4 g6 4. g3 Bg7 5. Bg2 0-0 6. Nc3 c5 7. 0-0 Nc6 8. dxc5 dxc5 9. Be3 Qa5 10. Nd2 Ng4 11. Bg5 h6 12. Nb3 Qa6 13. Bf4 Rd8 14. Qc1 Qxc4 15. Nd5 Qxc1 16. Raxc1 e5 17. Bd2 Be6 18. Rxc5 Bf8 19. Rc4 f5 20. e4 Ne7 21. Nxe7+ Bxe7 22. Rc7 Bxb3 23. axb3 Rxd2 24. Rxe7 Rxb2 25. Rxb7 f4 26. h3 Nf6 27. gxf4 exf4 28. e5 Nh5 29. Bd5+ Kf8 30. Rc1 f3 31. Rcc7 Rb1+ 32. Kh2 Rf1 33. Rf7+ Ke8 34. Bc6+ 1-0

[Event "Sunningdale op"]
[Site "Sunningdale"]
[Date "2010.09.11"]
[Round "3"]
[White "Slavin, Alexei"]
[Black "Beaumont, Chris"]
[Result "1/2-1/2"]
[WhiteElo "2426"]
[BlackElo "2307"]
[PlyCount "112"]
[EventDate "2010.09.10"]
[EventType "swiss"]
[EventRounds "5"]
[EventCountry "ENG"]
[SourceTitle "CBM 138 Extra"]
[Source "ChessBase"]
[SourceDate "2010.10.29"]
[SourceVersion "1"]
[SourceVersionDate "2010.10.29"]
[SourceQuality "1"]

1. d4 Nf6 2. Nf3 g6 3. c4 Bg7 4. Nc3 d5 5. cxd5 Nxd5 6. Bg5 c5 7. Rc1 Nc6 8. Nxd5 Qxd5 9. Rxc5 Qxa2 10. Qc1 0-0 11. e3 Bd7 12. Bc4 Qa4 13. Bb5 Qb4+ 14. Qd2 Qxd2+ 15. Kxd2 e6 16. Rhc1 a6 17. Bd3 Rfc8 18. Ke2 f6 19. Bf4 Bf8 20. R5c3 Nb4 21. Rxc8 Rxc8 22. Rxc8 Bxc8 23. Bb1 Bd7 24. e4 Bb5+ 25. Ke3 g5 26. Bc7 h5 27. Ne1 Kf7 28. Nd3 Nxd3 29. Bxd3 Bxd3 30. Kxd3 Ke7 31. d5 Kd7 32. Bb6 Bd6 33. h3 Be5 34. b3 f5 35. f3 g4 36. exf5 exf5 37. fxg4 fxg4 38. hxg4 hxg4 39. Ke4 Bb8 40. Bd4 a5 41. Kf5 g3 42. Bb6 Kd6 43. Bxa5 Kxd5 44. Bc3 b5 45. Kg4 Ke4 46. Be1 Kd3 47. Bxg3 Bxg3 48. Kxg3 b4 49. Kf4 Kc3 50. g4 Kxb3 51. g5 Kc2 52. g6 b3 53. g7 b2 54. g8Q b1Q 55. Qg6+ Kb2 56. Qxb1+ Kxb1 1/2-1/2

[Event "Uxbridge e2e4 Autumn Masters-B"]
[Site "Uxbridge"]
[Date "2010.08.12"]
[Round "3"]
[White "Beaumont, Chris"]
[Black "Arkell, Keith C"]
[Result "1/2-1/2"]
[WhiteElo "2305"]
[BlackElo "2465"]
[PlyCount "64"]
[EventDate "2010.08.11"]
[EventType "tourn"]
[EventRounds "9"]
[EventCountry "ENG"]
[EventCategory "2"]
[SourceTitle "CBM 137 Extra"]
[Source "ChessBase"]
[SourceDate "2010.09.01"]
[SourceVersion "1"]
[SourceVersionDate "2010.09.01"]
[SourceQuality "1"]

1. Nf3 b5 2. e4 Bb7 3. Bxb5 Bxe4 4. d4 Nf6 5. 0-0 e6 6. c4 Be7 7. Nc3 Bb7 8. Ba4 0-0 9. Re1 d6 10. d5 e5 11. c5 a5 12. c6 Bc8 13. h3 Na6 14. Be3 g6 15. a3 Nh5 16. b4 axb4 17. axb4 Nxb4 18. Qb3 Nd3 19. Red1 Ndf4 20. Bb5 Rxa1 21. Rxa1 Bf6 22. Ra7 Re8 23. Bf1 e4 24. Nd4 Bxd4 25. Bxd4 Qg5 26. Kh1 e3 27. Bxe3 Rxe3 28. fxe3 Ng3+ 29. Kg1 Nxh3+ 30. gxh3 Qxe3+ 31. Kg2 Qxa7 32. Kxg3 Qe3+ 1/2-1/2